[Event "Moscow Open 2009 C"]
[Site "?"]
[Date "2009.02.05"]
[Round "6.32"]
[White "Sysoykina, Lidia"]
[Black "Sukhareva, Evgeniya"]
[Result "1/2-1/2"]
[WhiteElo "1924"]
[BlackElo "2178"]
[Annotator ""]
[Source ""]
[Remark ""]

1.e4 c5 2.Nf3 d6 3.d4 cxd4 4.Nxd4 Nf6 5.Nc3 a6 6.Be3 e5 7.Nb3
Be6 8.f3 h5 9.a4 Nbd7 10.a5 Qc7 11.Nd5 Bxd5 12.exd5 Nc5 13.Nxc5
dxc5 14.c4 Bd6 15.Bd3 e4 16.Bxe4 Bxh2 17.Qa4+ Kf8 18.O-O-O Bd6
19.Bd2 Be5 20.Qa3 Re8 21.Bd3 Bg3 22.Kb1 h4 23.Be1 Rh5 24.Bxg3
hxg3 25.Rxh5 Nxh5 26.Be4 Qd6 27.Qb3 Re7 28.Rh1 g6 29.Qc3 Nf6
30.Qe3 Ke8 31.Rh8+ Kd7 32.b4 cxb4 33.Qa7 Qc7 34.c5 Nxe4 35.fxe4
Rxe4 36.Rb8 Re1+ 37.Kc2 Re2+ 38.Kd3 Rd2+ 39.Kxd2 Qf4+ 40.Kd3
Qf1+ 41.Ke3 Qf2+ 42.Kd3 Qf1+ 43.Kd4 Qf2+ 44.Kc4 Qf4+ 45.Kd3 Qf1+ 1/2-1/2

[Event "Moscow Open 2009 C"]
[Site "?"]
[Date "2009.02.05"]
[Round "6.33"]
[White "Della-Rossa, Anastasia"]
[Black "Krasenkova, Ilena"]
[Result "0-1"]
[WhiteElo "1868"]
[BlackElo "2170"]
[Annotator ""]
[Source ""]
[Remark ""]

1.e4 c6 2.Nc3 d5 3.Nf3 d4 4.Ne2 c5 5.d3 Nc6 6.g3 e5 7.Bg2 Be7
8.O-O h5 9.h3 g5 10.Ne1 Bd7 11.f4 h4 12.f5 hxg3 13.Nxg3 Qb6 14.Nf3
O-O-O 15.Nxg5 Rf8 16.Nf3 Nf6 17.Kf2 Rfg8 18.Rg1 c4 19.Rb1 Qd8
20.Nh1 Nh5 21.Ke2 Rg7 22.Kf1 Qa5 23.a3 cxd3 24.cxd3 Kb8 25.b4
Qc7 26.Bd2 Nf4 27.Bxf4 exf4 28.Rc1 Qd6 29.Nf2 Rg3 30.Ng4 f6 31.Kf2
Ne5 32.Ngxe5 fxe5 33.Bf1 Rxg1 34.Kxg1 a6 35.Qc2 Rc8 36.Qd2 Rg8+
37.Bg2 Bf6 38.Qf2 Qe7 39.Kf1 Bb5 40.Ne1 Bh4 41.Qc2 Qg7 42.a4
Bxa4 43.Qe2 Bb5 44.Rc2 Bxe1 45.Kxe1 Qg3+ 46.Qf2 Qxd3 47.Bf3 Rg3 0-1

[Event "Moscow Open 2009 C"]
[Site "?"]
[Date "2009.02.05"]
[Round "6.34"]
[White "Kurmaeva, Nailia"]
[Black "Fakhretdinova, Margarita"]
[Result "0-1"]
[WhiteElo "1400"]
[BlackElo "2167"]
[Annotator ""]
[Source ""]
[Remark ""]

1.e4 e5 2.Nf3 Nc6 3.Bb5 a6 4.Ba4 Nf6 5.O-O d6 6.c3 Be7 7.Re1
O-O 8.h3 b5 9.Bb3 Na5 10.Bc2 c5 11.d4 Nd7 12.Nbd2 cxd4 13.cxd4
Nc6 14.Nf1 exd4 15.Nxd4 Nxd4 16.Qxd4 Ne5 17.f4 Nc6 18.Qd1 Bf6
19.Rb1 Be6 20.Bb3 Bxb3 21.Qxb3 Re8 22.Bd2 b4 23.Kh1 a5 24.Qd3
Rc8 25.Be3 Qe7 26.Nd2 Qe6 27.Nc4 Rcd8 28.Bb6 Rd7 29.f5 Qe7 30.Nxa5
Nxa5 31.Bxa5 Bh4 32.g3 Qe5 33.Bxb4 Qxg3 34.Qxg3 Bxg3 35.Re2 h5
36.Kg2 Bh4 37.Kf3 d5 38.exd5 Rxe2 39.Kxe2 Rxd5 40.Rf1 Bf6 41.b3
Bd8 42.Rf3 Bb6 43.a4 g5 44.fxg6 Re5+ 45.Kd3 fxg6 46.Bc3 Re6 47.a5
Ba7 48.b4 g5 49.b5 g4 50.hxg4 hxg4 51.Rg3 Rg6 52.Bd4 Bb8 53.Rg2
Rg5 54.Kc4 g3 55.a6 Rg4 56.Kd5 Rg5+ 57.Kc6 0-1

[Event "Moscow Open 2009 C"]
[Site "?"]
[Date "2009.02.05"]
[Round "6.35"]
[White "Drozdova, Dina"]
[Black "Styazhkina, Anna"]
[Result "1-0"]
[WhiteElo "2175"]
[BlackElo "1926"]
[Annotator ""]
[Source ""]
[Remark ""]

1.d4 d5 2.c4 c6 3.Nc3 dxc4 4.e3 b5 5.a4 b4 6.Na2 Nf6 7.Bxc4 Ba6
8.Bxa6 Nxa6 9.Nf3 e6 10.O-O Be7 11.Ne5 Qd5 12.Bd2 Rb8 13.Qe2
Nc7 14.Rfc1 c5 15.Nxb4 cxb4 16.Rxc7 Bd6 17.Rcc1 Bxe5 18.dxe5
Qxe5 19.Bxb4 Nd5 20.Ba3 a5 21.Qa6 Nb6 22.Rc6 1-0

[Event "Moscow Open 2009 C"]
[Site "?"]
[Date "2009.02.05"]
[Round "6.36"]
[White "Fatalibekova, Elena"]
[Black "Bezgodova, Maria"]
[Result "0-1"]
[WhiteElo "2243"]
[BlackElo "2101"]
[Annotator ""]
[Source ""]
[Remark ""]

1.d4 Nf6 2.c4 d6 3.Nc3 Nbd7 4.e4 e5 5.Nf3 Be7 6.Be2 O-O 7.O-O
c6 8.Be3 Ng4 9.Bd2 Qe8 10.d5 Bd8 11.b4 Ngf6 12.Qc2 Kh8 13.Rac1
Ng8 14.Rfd1 c5 15.g3 g6 16.Ne1 a6 17.Nd3 Bb6 18.Na4 Ba7 19.bxc5
dxc5 20.Be3 f5 21.f3 Ngf6 22.Nc3 f4 23.Bf2 g5 24.g4 Kg7 25.Kg2
Qf7 26.h3 h5 27.Ne1 Bb8 28.Na4 Bd6 29.Rb1 Rb8 30.Nb6 Nxb6 31.Rxb6
Qc7 32.Qb1 Rh8 33.Nd3 Nd7 34.Rb3 Qd8 35.a4 Qe7 36.a5 Kg8 37.Qa1
Nf6 38.Rb6 Nd7 39.Rb3 Bc7 40.Rh1 Rh6 41.Rbb1 Bd6 42.Qc3 Qh7 43.Qa3
Qe7 44.Qc3 Kf7 45.Qa1 b6 46.axb6 Bb7 47.Qa5 Rbh8 48.Qa1 Ke8 49.Qa4
Kd8 50.Qa5 Kc8 51.Qa1 Qh7 52.Rbg1 Kb8 53.Bd1 hxg4 54.Ba4 g3 55.Be1
Rxh3 56.Ba5 g4 57.Bxd7 gxf3+ 58.Kxf3 Qxd7 59.Nxe5 g2+ 60.Kf2
gxh1N+ 61.Ke1 Qh7 62.Nc6+ Bxc6 63.dxc6 Qxe4+ 64.Kd1 Nf2+ 65.Kc1
Qxc4+ 0-1

[Event "Moscow Open 2009 C"]
[Site "?"]
[Date "2009.02.05"]
[Round "6.37"]
[White "Samigullina, Diana"]
[Black "Bogumil, Tatiana"]
[Result "0-1"]
[WhiteElo "2083"]
[BlackElo "2218"]
[Annotator ""]
[Source ""]
[Remark ""]

1.d4 Nf6 2.c4 g6 3.g3 Bg7 4.Bg2 O-O 5.Nf3 c5 6.d5 Ne4 7.O-O d6
8.Qc2 Nf6 9.Nc3 Na6 10.Bd2 e6 11.Rad1 exd5 12.Nxd5 Nxd5 13.cxd5
Re8 14.e4 Qb6 15.Bc3 Nb4 16.Qb1 a5 17.Bxg7 Kxg7 18.Nd2 Bg4 19.f3
Bd7 20.Nc4 Qa6 21.b3 b5 22.Qb2+ f6 23.Ne3 Qb6 24.a3 Na6 25.Ng4
Rf8 26.Kh1 Rae8 27.Nf2 b4 28.axb4 Nxb4 29.Bh3 Bb5 30.Rfe1 a4
31.f4 axb3 32.e5 dxe5 33.fxe5 Nc2 34.Ng4 Nxe1 35.d6 Bc6+ 36.Kg1
Nf3+ 37.Kf1 Nxe5 0-1

[Event "Moscow Open 2009 C"]
[Site "?"]
[Date "2009.02.05"]
[Round "6.38"]
[White "Grabovets, Nadezhda"]
[Black "Kineva, Ekaterina"]
[Result "0-1"]
[WhiteElo "1974"]
[BlackElo "2168"]
[Annotator ""]
[Source ""]
[Remark ""]

1.d4 Nf6 2.c4 g6 3.Nc3 Bg7 4.e4 O-O 5.Nf3 d6 6.Be2 Nbd7 7.O-O
e5 8.Qc2 exd4 9.Nxd4 Re8 10.f3 Nxe4 11.Nc6 bxc6 12.Nxe4 Rb8 13.Rb1
d5 14.Ng3 h5 15.f4 h4 16.Nh1 Nc5 17.Nf2 Bf5 18.Nd3 dxc4 0-1

[Event "Moscow Open 2009 C"]
[Site "?"]
[Date "2009.02.05"]
[Round "6.39"]
[White "Airapetian, Tatevik"]
[Black "Khobotova, Olesia"]
[Result "1-0"]
[WhiteElo "2145"]
[BlackElo "1971"]
[Annotator ""]
[Source ""]
[Remark ""]

1.e4 d5 2.exd5 Qxd5 3.Nc3 Qd6 4.d4 Nf6 5.Nf3 a6 6.g3 Bg4 7.Bg2
Nc6 8.Be3 e6 9.O-O h5 10.Qd2 O-O-O 11.Ng5 Rd7 12.Nce4 Nxe4 13.Nxe4
Qb4 14.c3 Qb5 15.a4 Qe2 16.Rfe1 Qxd2 17.Nxd2 Ne7 18.Nc4 f6 19.b4
Nd5 20.Bd2 Bf5 21.b5 h4 22.bxa6 bxa6 23.Ra2 hxg3 24.fxg3 g5 25.Na5
Rdh7 26.Rf1 Bd3 27.Bxd5 exd5 28.Rxf6 Be7 29.Rf2 Kd7 30.Rb2 Bd6
31.Nb7 Be7 32.Be3 Ba3 33.Rbd2 Bc4 34.Nc5+ Kc8 35.Bxg5 Bc1 36.h4
Bxd2 37.Bxd2 Rg8 38.Kh2 Re8 39.Kh3 Be2 40.g4 a5 41.Bf4 Rf7 42.Kg3
Rg7 43.g5 Bh5 44.Be5 Rg6 45.Kf4 Rc6 46.Rb2 Rf8+ 47.Bf6 Rb6 48.Rxb6
cxb6 49.Ne6 Rf7 50.Kf5 Kd7 51.Nf4 Bf3 52.g6 Rf8 53.g7 Rg8 54.Kg6
Be4+ 55.Kf7 Bh7 56.Nxd5 Rb8 57.Ne7 Re8 58.g8Q Rxe7+ 59.Bxe7 Bxg8+
60.Kxg8 Kxe7 61.h5 b5 62.h6 bxa4 63.h7 a3 64.h8Q 1-0

[Event "Moscow Open 2009 C"]
[Site "?"]
[Date "2009.02.05"]
[Round "6.40"]
[White "Saduakassova, Dinara"]
[Black "Kharmunova, Nadejda"]
[Result "0-1"]
[WhiteElo "1850"]
[BlackElo "2140"]
[Annotator ""]
[Source ""]
[Remark ""]

1.d4 Nf6 2.Nf3 g6 3.g3 Bg7 4.Bg2 O-O 5.O-O d5 6.Nbd2 c5 7.dxc5
Nc6 8.Nb3 e5 9.c3 h6 10.h3 Be6 11.e3 Qe7 12.Qe2 Nd7 13.e4 Nxc5
14.Nxc5 Qxc5 15.exd5 Bxd5 16.Be3 Qe7 17.Nd2 Bxg2 18.Kxg2 f5 19.Qc4+
Qf7 20.Rad1 Rad8 21.Bc5 Rfe8 22.Qxf7+ Kxf7 23.Nc4 Ke6 24.Nd6
Re7 25.Nb5 Red7 26.Rxd7 Rxd7 27.Nxa7 Nxa7 28.Bxa7 Rd2 29.Rb1
g5 30.Be3 Rc2 31.Bc5 f4 32.Rd1 Rxb2 33.Rd6+ Kf7 34.a3 e4 35.gxf4
gxf4 36.Bd4 Bxd4 37.Rxd4 Re2 38.h4 Ke6 39.Rb4 Kf5 40.Kg1 Kg4
41.Rxb7 Kf3 42.Rb1 Rxf2 43.Ra1 e3 44.a4 Kg3 45.a5 f3 46.Ra4 Rb2
47.Ra1 f2+ 0-1

[Event "Moscow Open 2009 C"]
[Site "?"]
[Date "2009.02.05"]
[Round "6.41"]
[White "Yakovich, Yuliya"]
[Black "Kazennova, Daria"]
[Result "1-0"]
[WhiteElo "2125"]
[BlackElo "1964"]
[Annotator ""]
[Source ""]
[Remark ""]

1.e4 e5 2.Nf3 Nc6 3.Bc4 Bc5 4.c3 Nf6 5.d4 exd4 6.e5 d5 7.Bb5
Ne4 8.cxd4 Bb4+ 9.Bd2 Nxd2 10.Bxc6+ bxc6 11.Nbxd2 O-O 12.Rc1
Ba6 13.Qa4 Bxd2+ 14.Kxd2 Bb5 15.Qa5 Qd7 16.Rc3 Qg4 17.Rg1 f6
18.a4 Qf4+ 19.Kd1 fxe5 20.axb5 e4 21.bxc6 Rad8 22.Nd2 Qxf2 23.Re1
Qxd4 24.Qc5 Qa4+ 25.Kc1 Rf6 26.Qe7 Rb8 27.Rb3 Qxc6+ 28.Kb1 Rxb3
29.Nxb3 Rf7 30.Qg5 Qc4 31.Qe3 a6 32.Rc1 Qb4 33.Nd4 Qb6 34.Qc3
Qf6 35.Qc5 Rd7 36.Qa7 e3 37.Rxc7 Rxc7 38.Qb8+ Kf7 39.Qxc7+ Kg6
40.Qg3+ Qg5 41.Qxg5+ Kxg5 42.Kc2 Kf4 43.Kd3 h5 44.Ne6+ Kf5 45.Nxg7+
Kg6 46.Ne6 Kf5 47.Nd4+ Kf4 48.Ne2+ 1-0

[Event "Moscow Open 2009 C"]
[Site "?"]
[Date "2009.02.05"]
[Round "6.42"]
[White "Semenova, Anastasia"]
[Black "Larina, Marija"]
[Result "0-1"]
[WhiteElo "1840"]
[BlackElo "2109"]
[Annotator ""]
[Source ""]
[Remark ""]

1.e4 c5 2.c3 g6 3.d4 cxd4 4.cxd4 d5 5.exd5 Nf6 6.Nc3 Bg7 7.Nf3
O-O 8.Bc4 Nbd7 9.d6 exd6 10.O-O Nb6 11.Bb3 Bf5 12.Bf4 Ne4 13.Nxe4
Bxe4 14.Ng5 Bd5 15.Be3 Nc4 16.Bxc4 Bxc4 17.Re1 h6 18.Ne4 f5 19.b3
Ba6 20.Nc3 f4 21.Bc1 f3 22.Be3 Qh4 23.gxf3 Rf5 24.Ne2 Rh5 25.Bf4
Bxe2 0-1

[Event "Moscow Open 2009 C"]
[Site "?"]
[Date "2009.02.05"]
[Round "6.43"]
[White "Rassokhina, Ekaterina"]
[Black "Abdumalik, Zhansaya"]
[Result "1-0"]
[WhiteElo "2106"]
[BlackElo "1400"]
[Annotator ""]
[Source ""]
[Remark ""]

1.d4 Nf6 2.c4 c5 3.d5 e6 4.Nc3 exd5 5.cxd5 d6 6.e4 a6 7.a4 g6
8.h3 Bg7 9.Nf3 O-O 10.Bd3 Nbd7 11.Be3 Qc7 12.Nd2 Ne5 13.Be2 Re8
14.O-O b6 15.Qc2 Rb8 16.Rae1 h6 17.f4 Ned7 18.Qd3 Re7 19.Bf3
Nf8 20.Bf2 Ne8 21.Re2 Nh7 22.Rfe1 f5 23.exf5 Rxe2 24.Qxe2 Bxf5
25.Qxa6 Nhf6 26.Qe2 Qf7 27.Nc4 Nh5 28.Qd2 Bd7 29.Bxh5 gxh5 30.Nb5
Qg6 31.Kh2 Kh7 32.Bh4 Bf5 33.Be7 Bd3 34.Re6 Qf5 35.Ne3 Qxf4+
36.g3 Qxa4 37.Qxd3+ Kh8 38.Nxd6 Nxd6 39.Bxd6 Rb7 40.Qg6 1-0

[Event "Moscow Open 2009 C"]
[Site "?"]
[Date "2009.02.05"]
[Round "6.44"]
[White "Severiukhina, Zoja"]
[Black "Gavrjuchenkova, Angelina"]
[Result "1-0"]
[WhiteElo "2327"]
[BlackElo "1934"]
[Annotator ""]
[Source ""]
[Remark ""]

1.d4 Nf6 2.c4 g6 3.Nc3 Bg7 4.e4 d6 5.f3 O-O 6.Nge2 Nbd7 7.Be3
e5 8.Qd2 Re8 9.d5 a6 10.g4 Nf8 11.Ng3 c6 12.O-O-O cxd5 13.cxd5
b5 14.Kb1 b4 15.Nce2 a5 16.h4 Ba6 17.h5 N6d7 18.Rg1 Nc5 19.Nc1
Qc7 20.Nf5 gxf5 21.gxf5 Kh8 22.Rxg7 Kxg7 23.Bh6+ Kh8 24.Qg5 f6
25.Qxf6+ Kg8 26.Bxa6 Nxa6 27.Rg1+ Ng6 28.hxg6 Re7 29.gxh7+ Kxh7
30.Qg6+ Kh8 31.f6 Rh7 32.Bg7+ Rxg7 33.fxg7+ Kg8 34.Qh6 Qd8 35.Qe6+
Kh7 36.Rh1+ Kxg7 37.Rg1+ 1-0

[Event "Moscow Open 2009 C"]
[Site "?"]
[Date "2009.02.05"]
[Round "6.45"]
[White "Chasovnikova, Eugenia"]
[Black "Nagornaya, Polina"]
[Result "1-0"]
[WhiteElo "2302"]
[BlackElo "1907"]
[Annotator ""]
[Source ""]
[Remark ""]

1.d4 Nf6 2.Nf3 e6 3.c4 b6 4.a3 Bb7 5.Nc3 Be7 6.d5 O-O 7.e4 d6
8.Be2 Nbd7 9.b4 Re8 10.O-O e5 11.Ne1 Bf8 12.Nd3 g6 13.Be3 Ba6
14.Qb3 Rb8 15.a4 Kh8 16.a5 Bb7 17.axb6 axb6 18.Ra7 Qc8 19.Qc2
Be7 20.f4 exf4 21.Bd4 Qd8 22.Rxf4 Kg8 23.Ra1 Rf8 24.Raf1 Ne8
25.Nb5 Ba6 26.Na7 Bb7 27.Bb2 f6 28.Bg4 Kg7 29.Bxd7 Qxd7 30.Nb5
c5 31.R4f3 Bc8 32.e5 dxe5 33.Nxe5 Qb7 34.Nc6 Ra8 35.Re3 Rf7 36.Qe2
Rf8 37.Re1 1-0

[Event "Moscow Open 2009 C"]
[Site "?"]
[Date "2009.02.05"]
[Round "6.46"]
[White "Kushka, Alena"]
[Black "Lezhepekova, Veronika"]
[Result "1-0"]
[WhiteElo "2124"]
[BlackElo "1917"]
[Annotator ""]
[Source ""]
[Remark ""]

1.d4 d5 2.c4 c6 3.Nc3 Nf6 4.e3 e6 5.Nf3 Nbd7 6.Bd3 dxc4 7.Bxc4
Be7 8.e4 O-O 9.O-O Qc7 10.e5 Nd5 11.Nxd5 exd5 12.Bd3 Re8 13.Bf4
Nf8 14.Rc1 Bg4 15.Qc2 Bh5 16.Bg3 Qd8 17.Nd2 Bg6 18.f4 Bxd3 19.Qxd3
Bh4 20.f5 Bxg3 21.Qxg3 h6 22.Rf4 g6 23.f6 Nh7 24.Rh4 Nxf6 25.exf6
Qxf6 26.Rf1 Qg5 27.Qxg5 hxg5 28.Rg4 Re2 29.Rf2 Re1+ 30.Nf1 Rae8
31.Rg3 Rd1 32.Rd2 Ra1 33.a3 Ree1 34.Rf3 f5 35.h3 Kg7 36.g3 Kf7
37.Kg2 a5 38.g4 Kf6 39.gxf5 gxf5 40.Rdf2 f4 41.h4 Rad1 42.hxg5+
Kxg5 43.Rxf4 Re4 44.Rf5+ Kh4 45.Nh2 Rd3 46.Nf3+ Kg4 47.Ne5+ 1-0

[Event "Moscow Open 2009 C"]
[Site "?"]
[Date "2009.02.05"]
[Round "6.47"]
[White "Gaprindashvili, Nona"]
[Black "Maksimova, Alisa"]
[Result "0-1"]
[WhiteElo "2089"]
[BlackElo "1895"]
[Annotator ""]
[Source ""]
[Remark ""]

1.c4 e5 2.Nc3 Nf6 3.g3 d5 4.cxd5 Nxd5 5.Bg2 Be6 6.Nf3 Nc6 7.d3
f6 8.O-O Qd7 9.Re1 g5 10.Ne4 h5 11.h4 gxh4 12.Nxh4 Rg8 13.Bd2
Be7 14.Qc1 O-O-O 15.Kh2 Kb8 16.Nc5 Bxc5 17.Qxc5 Nce7 18.Rh1 Ng6
19.Kg1 Nxh4 20.Rxh4 Qf7 21.b4 Rg4 22.Rxg4 hxg4 23.a4 Ne7 24.a5
Bd5 25.Rc1 Nc6 26.Bxd5 Rxd5 27.Qc4 Nd4 28.Kf1 a6 29.Be3 Nb5 30.Qxg4
Rd8 31.Bc5 Rh8 32.Ke1 Na3 33.Kd2 Qa2+ 34.Ke3 Nb1 35.Qc4 Qd2+
36.Kf3 Na3 37.Qc3 Qg5 38.e4 Qh5+ 39.Ke3 Qg5+ 40.Ke2 Nb5 41.Qc4
Rh2 42.Qe6 Nd4+ 43.Bxd4 exd4 44.Rg1 Qe3+ 45.Kd1 Qxf2 0-1

[Event "Moscow Open 2009 C"]
[Site "?"]
[Date "2009.02.05"]
[Round "6.48"]
[White "Kisteneva, Liza"]
[Black "Sukhareva, Valentina"]
[Result "1-0"]
[WhiteElo "1790"]
[BlackElo "2078"]
[Annotator ""]
[Source ""]
[Remark ""]

1.Nf3 f5 2.c4 Nf6 3.Nc3 b6 4.g3 Bb7 5.Bg2 e5 6.O-O d6 7.Qa4+
Nbd7 8.b4 f4 9.Bb2 a5 10.bxa5 Rxa5 11.Qc2 Be7 12.Nb5 fxg3 13.hxg3
Be4 14.d3 Bf5 15.Nh4 Bg4 16.Bc3 g5 17.Nf3 Bxf3 18.Bxf3 Rxb5 19.cxb5
d5 20.Rfc1 Bc5 21.Rd1 g4 22.Bg2 Bd6 23.Bd2 Qe7 24.Bg5 Qe6 25.Qc6
Kf7 26.Qc2 Qf5 27.Be3 h5 28.Qb3 Qe6 29.Bg5 Nc5 30.Qc2 Nh7 31.Bh4
Kg7 32.a4 Nf8 33.Qa2 d4 34.Bd5 Qd7 35.Bc6 Qf5 36.Qd5 Ng6 37.a5
Nxh4 38.gxh4 Rf8 39.Rf1 Qf4 40.axb6 Kh8 41.bxc7 g3 42.Qg2 Rg8
43.fxg3 Qe3+ 44.Kh1 Bxc7 45.Rf3 Qd2 46.Rf5 Qh6 47.Bf3 Qe6 48.Rxh5+
Kg7 49.Bd5 1-0

[Event "Moscow Open 2009 C"]
[Site "?"]
[Date "2009.02.05"]
[Round "6.49"]
[White "Maslova, Elena"]
[Black "Sorokina, Nadejda"]
[Result "1-0"]
[WhiteElo "2068"]
[BlackElo "1870"]
[Annotator ""]
[Source ""]
[Remark ""]

1.e4 c5 2.Nf3 e6 3.d4 cxd4 4.Nxd4 Nf6 5.Bd3 d6 6.Be3 a6 7.Nc3
Qc7 8.f3 b5 9.Qd2 Bd7 10.g4 Nc6 11.h4 b4 12.Nce2 a5 13.h5 Nxd4
14.Bxd4 e5 15.Be3 Be6 16.g5 Nd7 17.Kf2 Be7 18.g6 fxg6 19.hxg6
h5 20.c3 bxc3 21.Nxc3 Nf6 22.Nb5 Qd8 23.Rac1 Rc8 24.Rxc8 Bxc8
25.Bc4 Bb7 26.Rc1 Kf8 27.Bf7 Bxe4 28.Nc7 Bf5 29.Ne6+ Bxe6 30.Bxe6
Nd7 31.Rc6 Ke8 32.Qc2 Bh4+ 33.Ke2 Ke7 34.Bxd7 Kxd7 35.Bb6 Qa8
36.Rc7+ Ke6 37.Qc4+ d5 38.Rc6+ Kf5 39.Qd3+ Kf4 40.Be3+ Kg3 41.Qxd5
Qe8 42.Qe4 Qe7 43.Rc4 Bg5 44.Bf2+ Kh3 45.Qb1 Bf4 46.Qh1+ Bh2
47.Qf1# 1-0

[Event "Moscow Open 2009 C"]
[Site "?"]
[Date "2009.02.05"]
[Round "6.50"]
[White "Khropova, Larisa"]
[Black "Chukhlantseva, Anna"]
[Result "0-1"]
[WhiteElo "2060"]
[BlackElo "1842"]
[Annotator ""]
[Source ""]
[Remark ""]

1.Nf3 Nf6 2.d4 d5 3.Bf4 e6 4.e3 c5 5.c3 Nbd7 6.Nbd2 Be7 7.Bd3
a6 8.h3 c4 9.Bc2 b5 10.O-O O-O 11.Qe2 Bb7 12.Ne5 Nxe5 13.Bxe5
Bd6 14.Bxf6 Qxf6 15.f4 b4 16.Nf3 bxc3 17.bxc3 Rab8 18.g4 Bc6
19.g5 Qe7 20.Rab1 Qd7 21.Ne5 Bxe5 22.fxe5 Ba4 23.Rfc1 Bxc2 24.Qxc2
Qe7 25.h4 f6 26.exf6 gxf6 27.Rxb8 Rxb8 28.Qh2 Rb7 29.Kh1 fxg5
30.Rg1 h6 31.Qe5 Qf7 32.Qg3 Qh5 33.Qh3 Kh7 34.Rg2 Qxh4 35.Qxh4
gxh4 36.Kh2 Rb1 37.Re2 Rc1 38.e4 Rxc3 39.exd5 exd5 40.Re7+ Kg6
41.Re6+ Kf5 42.Re5+ Kg4 43.Rxd5 Rc2+ 44.Kg1 Kg3 45.Kf1 h3 46.Rd6
h2 47.Rg6+ Kf3 48.Rf6+ Ke4 0-1

[Event "Moscow Open 2009 C"]
[Site "?"]
[Date "2009.02.05"]
[Round "6.51"]
[White "Skakun, Valentina"]
[Black "Goryachkina, Aleksandra"]
[Result "0-1"]
[WhiteElo "1700"]
[BlackElo "2020"]
[Annotator ""]
[Source ""]
[Remark ""]

1.d4 f5 2.Nf3 g6 3.c4 Nf6 4.g3 Bg7 5.Bg2 d6 6.b3 O-O 7.Bb2 Qe8
8.e3 Nbd7 9.d5 Nc5 10.Nc3 Bd7 11.O-O c6 12.b4 Na6 13.a3 Nc7 14.Re1
Rc8 15.Nd4 cxd5 16.cxd5 Qf7 17.Qb3 Ng4 18.Nf3 h6 19.h3 Nf6 20.Rad1
Bc6 21.Nh4 Kh7 22.b5 Bd7 23.b6 axb6 24.Qxb6 g5 25.Nf3 Na6 26.e4
fxe4 27.Nxe4 Nxe4 28.Rxe4 Nc5 29.Bxg7 Qxg7 30.Re3 Rf7 31.Nd4
Rcf8 32.Rd2 Bc8 33.Ne6 Qa1+ 34.Bf1 Bxe6 35.dxe6 Rg7 36.Qb2 Qxb2
37.Rxb2 Rg6 38.Bg2 Kg7 39.Kf1 Rgf6 40.Bd5 Rb8 41.Rf3 Rxf3 42.Bxf3
Kf6 43.Bd5 Ke5 44.Ba2 Ra8 45.Re2+ Kd4 46.Re3 Ra7 47.Kg2 Nd3 48.Kf3
Ne5+ 49.Ke2 b5 50.Rb3 Kc5 51.f4 gxf4 52.gxf4 Nc4 53.Rc3 d5 54.Bxc4
bxc4 55.Rf3 d4 56.f5 Kd6 57.Kd2 Ke5 58.Rf1 Ra8 59.f6 exf6 60.Re1+
Kd5 61.e7 Re8 62.a4 f5 63.a5 Kc6 64.Re5 f4 65.Re4 Kd5 66.Rxf4
Rxe7 67.Rf5+ Ke4 68.Rf1 c3+ 69.Kc2 Kd5 70.Rf5+ Kc4 0-1

[Event "Moscow Open 2009 C"]
[Site "?"]
[Date "2009.02.05"]
[Round "6.52"]
[White "Grigoryeva, Olga A"]
[Black "Anu, Bayar"]
[Result "1-0"]
[WhiteElo "2015"]
[BlackElo "1830"]
[Annotator ""]
[Source ""]
[Remark ""]

1.d4 Nf6 2.c4 g6 3.f3 Bg7 4.e4 d6 5.Nc3 O-O 6.Bg5 Nc6 7.Nge2
a6 8.Qd2 b5 9.cxb5 axb5 10.Nxb5 Na5 11.Qc2 c6 12.Na3 Qb6 13.Bd2
c5 14.dxc5 dxc5 15.Bc3 Ba6 16.Ng3 Bxf1 17.Nxf1 Nh5 18.Bxg7 Nxg7
19.Ne3 Ne6 20.Nd5 Qb7 21.O-O Rfc8 22.Nc4 Nd4 23.Nxa5 Rxa5 24.Qf2
Rb5 25.b4 Ne6 26.a4 Rxb4 27.Nxb4 cxb4 28.a5 Ra8 29.Rfb1 Ra6 30.Qb2
Qa7+ 31.Kh1 Rxa5 32.Rxa5 Qxa5 33.Qxb4 Qxb4 34.Rxb4 Kg7 35.e5
g5 36.Rb7 Kf8 37.Rb8+ Kg7 38.Re8 Kg6 39.Rxe7 1-0

[Event "Moscow Open 2009 C"]
[Site "?"]
[Date "2009.02.05"]
[Round "6.53"]
[White "Karimova, Karina"]
[Black "Beliaeva, Natalia"]
[Result "1/2-1/2"]
[WhiteElo "1400"]
[BlackElo "2004"]
[Annotator ""]
[Source ""]
[Remark ""]

1.e4 c6 2.d4 d6 3.Nc3 Nf6 4.Bc4 Qc7 5.Bg5 e5 6.dxe5 dxe5 7.Nge2
Be7 8.O-O O-O 9.Ng3 b5 10.Bb3 a5 11.a3 Na6 12.Nh5 Nxh5 13.Bxe7
Qxe7 14.Qxh5 Nc5 15.Ba2 g6 16.Qf3 Be6 17.Bxe6 Nxe6 18.Ne2 Rfd8
19.Rfd1 Rxd1+ 20.Rxd1 Rd8 21.Rxd8+ Qxd8 22.Qd3 Qxd3 23.cxd3 Nc5
24.d4 Nxe4 25.dxe5 c5 26.f4 a4 27.Kf1 b4 28.Ke1 Kf8 29.Kd1 b3
30.Nc1 c4 31.Ne2 Ke7 32.Nd4 c3 33.bxc3 Nxc3+ 34.Kc1 Nd5 35.g3
Ne3 36.Nc6+ Kd7 37.Nd4 Nc4 38.Nb5 Kc6 39.Nc3 Nb6 40.Kb2 Kc5 41.Kc1
Kd4 42.Nb5+ Kd3 43.Kb1 Nc4 44.Kc1 Ke4 45.Nc3+ Kd3 46.Nxa4 Nxa3
47.Kb2 Nb5 48.Nc5+ Kc4 49.Nxb3 Kd5 50.Nd2 g5 51.fxg5 Kxe5 1/2-1/2

[Event "Moscow Open 2009 C"]
[Site "?"]
[Date "2009.02.05"]
[Round "6.54"]
[White "Martynenko, Anastasia"]
[Black "Baraeva, Irina"]
[Result "0-1"]
[WhiteElo "1400"]
[BlackElo "1997"]
[Annotator ""]
[Source ""]
[Remark ""]

1.c4 e5 2.Nc3 f5 3.d3 Nf6 4.g3 Nc6 5.Bg2 g6 6.Nf3 Bg7 7.O-O O-O
8.Bg5 h6 9.Bd2 d6 10.Qc1 Kh7 11.Ne1 Qe7 12.f4 exf4 13.Bxf4 Ng4
14.Nf3 Nd4 15.Qd2 g5 16.h3 gxf4 17.hxg4 fxg4 18.Nh4 Nf5 19.Be4
Bd4+ 20.Kg2 Be3 21.Qe1 Kg7 22.Nxf5+ Bxf5 23.Bxf5 Rxf5 24.Nd5
Qe5 25.gxf4 Bxf4 26.Nxf4 Rxf4 27.Rxf4 Qxf4 28.Qg3 Qg5 29.c5 Re8
30.Re1 Re3 31.Qf2 Qd5+ 32.Kg1 Qxc5 33.Rf1 Rxe2 34.Qxc5 dxc5 35.Rc1
Rxb2 36.Rxc5 c6 37.Ra5 a6 38.Ra4 h5 39.Ra5 Kg6 0-1

[Event "Moscow Open 2009 C"]
[Site "?"]
[Date "2009.02.05"]
[Round "6.55"]
[White "Romanenko, Ksenija"]
[Black "Pischurina, Ekaterina"]
[Result "0-1"]
[WhiteElo "1400"]
[BlackElo "1991"]
[Annotator ""]
[Source ""]
[Remark ""]

1.e4 c5 2.Nf3 d6 3.d4 cxd4 4.Nxd4 Nf6 5.Nc3 g6 6.Be3 Bg7 7.Bc4
O-O 8.h3 Nc6 9.Qd2 Nd7 10.O-O Nb6 11.Bb3 Na5 12.Bh6 Nbc4 13.Bxc4
Nxc4 14.Qe2 Bxh6 15.Qxc4 Bd7 16.Kh1 Rc8 17.Qd3 a6 18.f4 Bg7 19.Rab1
b5 20.Nce2 Qb6 21.f5 Rc4 22.Nf3 Qc6 23.fxg6 hxg6 24.Ned4 Qc5
25.Nb3 Qc8 26.c3 b4 27.cxb4 Rxb4 28.Rfe1 Rb5 29.Rec1 Qb7 30.Nfd4
Re5 31.Re1 Rc8 32.Nf3 Rh5 33.Qd2 Rc4 34.Na5 Qc8 35.Nxc4 Qxc4
36.Qf4 Bh6 37.Qg3 e5 38.Rbd1 Bf4 39.Qf2 Bxh3 40.gxh3 Rxh3+ 41.Kg2
Qe6 42.Rd3 Qg4+ 43.Kf1 Rh1+ 44.Ng1 Bh2 45.Rf3 Rxg1+ 46.Ke2 Rg2
47.Kf1 Rxf2+ 48.Kxf2 Qh4+ 49.Kf1 Bg3 50.Ree3 Qh1+ 51.Ke2 Qg2+
52.Kd1 Bf4 53.Rd3 Qxb2 54.Rxd6 Qc1+ 55.Ke2 Qc2+ 56.Kf1 Qxe4 57.Rfd3
Qc4 58.Ke1 e4 59.R3d4 Qc3+ 60.Kf1 Qf3+ 61.Ke1 Bxd6 62.Rxd6 Qg3+ 0-1

[Event "Moscow Open 2009 C"]
[Site "?"]
[Date "2009.02.05"]
[Round "6.56"]
[White "Dolgova, Tamara"]
[Black "Vasiukova, Ekaterina"]
[Result "1/2-1/2"]
[WhiteElo "1977"]
[BlackElo "1762"]
[Annotator ""]
[Source ""]
[Remark ""]

1.e4 c6 2.d4 d5 3.exd5 cxd5 4.c4 Nf6 5.Nc3 e6 6.Nf3 Be7 7.Bd3
O-O 8.O-O Nc6 9.a3 b6 10.cxd5 Nxd5 11.Bc2 Bb7 12.Qd3 g6 13.Bh6
Re8 14.Bb3 Na5 15.Ba4 Bc6 16.Bxc6 Nxc6 17.Ne4 Bf8 18.Bg5 Be7
19.Bxe7 Qxe7 20.Rac1 Rac8 21.Rc2 Qd7 22.Qb5 Nb8 23.Qxd7 Nxd7
24.Rfc1 Rxc2 25.Rxc2 Rd8 26.h3 Kg7 27.h4 N7f6 28.Nxf6 Kxf6 29.g4
Ke7 30.Kh2 f6 31.Kg3 h6 32.g5 hxg5 33.hxg5 fxg5 34.Nxg5 Kf6 35.Kg4
Ke7 36.Nf3 Rf8 37.Kg3 Kf6 38.Ne5 Rd8 39.Rc1 a5 40.Rc6 Ne7 41.Rxb6
Nf5+ 42.Kg2 Rxd4 43.Nf3 Nh4+ 44.Nxh4 Rxh4 45.Kg3 Rd4 46.Kf3 g5
47.Ke3 Ra4 48.Kf3 1/2-1/2

[Event "Moscow Open 2009 C"]
[Site "?"]
[Date "2009.02.05"]
[Round "6.57"]
[White "Chernyshova, Natalia"]
[Black "Budueva, Kristina"]
[Result "1/2-1/2"]
[WhiteElo "1951"]
[BlackElo "1400"]
[Annotator ""]
[Source ""]
[Remark ""]

1.e4 e6 2.d4 d5 3.Nc3 dxe4 4.Nxe4 Bd7 5.Nf3 Bc6 6.Bd3 Bxe4 7.Bxe4
c6 8.O-O Nf6 9.Bg5 Be7 10.Qe2 Nxe4 11.Bxe7 Qxe7 12.Qxe4 O-O 13.c4
Nd7 14.Rfe1 Rad8 15.Rad1 Nf6 16.Qe2 Qc7 17.Rd2 Rfe8 18.Red1 Nd7
19.Qd3 Nf6 20.Qc2 h6 21.b3 Qa5 22.Ne5 Nd7 23.Nxd7 Rxd7 24.Kf1
Qc7 25.g3 Red8 26.f4 Qa5 27.Kf2 Qh5 1/2-1/2

[Event "Moscow Open 2009 C"]
[Site "?"]
[Date "2009.02.05"]
[Round "6.58"]
[White "Frolova, Ekaterina"]
[Black "Polyanskaya, Natalia"]
[Result "1-0"]
[WhiteElo "1948"]
[BlackElo "1400"]
[Annotator ""]
[Source ""]
[Remark ""]

1.e4 e5 2.Nf3 Nc6 3.Bb5 a6 4.Ba4 d6 5.O-O Bd7 6.c3 Nf6 7.Re1
g6 8.h3 Bg7 9.d4 Qe7 10.Nbd2 O-O 11.d5 Nb8 12.Bc2 h6 13.c4 a5
14.Nf1 Na6 15.a3 Nc5 16.b3 Nh7 17.Bb2 h5 18.b4 axb4 19.axb4 Na6
20.Ba3 b6 21.Bd3 f5 22.N3d2 f4 23.Qe2 Ng5 24.Nh2 f3 25.Ndxf3
Nxf3+ 26.Nxf3 g5 27.Nh2 Qf7 28.Rf1 g4 29.hxg4 hxg4 30.Nxg4 Qg6
31.Ne3 Kf7 32.f4 exf4 33.Rxf4+ Kg8 34.Raf1 Rxf4 35.Rxf4 Be5 36.Nf5
Bxf5 37.exf5 Qh6 38.Qg4+ Kf8 39.Rf3 Qh2+ 40.Kf2 Bc3 41.f6 Qh6
42.Bc1 Bd4+ 43.Qxd4 Qxc1 44.Qh4 Qd2+ 45.Kg1 Ke8 46.Qh8+ Kd7 47.Bf5# 1-0